[Event "Team women final 2016"]
[Site "Sochi"]
[Date "2016.05.03"]
[Round "3.13"]
[White "Goryachkina, Aleksandra"]
[Black "Bodnaruk, Anastasia"]
[Result "0-1"]
[LiveChessVersion "1.4.4"]
[BlackElo "2475"]
[WhiteElo "2485"]
[BlackTeam "SDUSSHOR"]
[WhiteTeam "University"]

1. d4 {[%clk 1:30:52]} d6 {[%clk 1:30:49]} 2. Nf3 {[%clk 1:30:59]} g6
{[%clk 1:31:08]} 3. c4 {[%clk 1:29:21]} f5 {[%clk 1:31:22]} 4. Nc3
{[%clk 1:27:45]} Nf6 {[%clk 1:31:46]} 5. e3 {[%clk 1:24:51]} Bg7 {[%clk 1:31:37]}
6. b4 {[%clk 1:23:46]} O-O {[%clk 1:21:02]} 7. Bb2 {[%clk 1:21:42]} Qe8
{[%clk 1:12:43]} 8. c5 {[%clk 1:16:33]} Ne4 {[%clk 0:58:09]} 9. Bc4+
{[%clk 1:15:08]} e6 {[%clk 0:57:51]} 10. cxd6 {[%clk 1:13:10]} cxd6
{[%clk 0:56:38]} 11. O-O {[%clk 1:12:07]} Nxc3 {[%clk 0:48:34]} 12. Bxc3
{[%clk 1:12:28]} Nd7 {[%clk 0:48:46]} 13. Rc1 {[%clk 1:01:47]} Nf6
{[%clk 0:34:06]} 14. b5 {[%clk 0:57:11]} Ne4 {[%clk 0:30:44]} 15. Bb4
{[%clk 0:56:41]} Bd7 {[%clk 0:27:52]} 16. a4 {[%clk 0:54:54]} Rf7
{[%clk 0:21:45]} 17. Qb3 {[%clk 0:50:57]} a6 {[%clk 0:17:36]} 18. Ba3
{[%clk 0:46:19]} axb5 {[%clk 0:17:26]} 19. axb5 {[%clk 0:46:23]} Bf6
{[%clk 0:12:36]} 20. Rfd1 {[%clk 0:44:27]} Ra5 {[%clk 0:11:08]} 21. Bb4
{[%clk 0:41:09]} Ra8 {[%clk 0:10:57]} 22. Ra1 {[%clk 0:39:02]} Rc8
{[%clk 0:10:18]} 23. b6 {[%clk 0:36:00]} g5 {[%clk 0:09:15]} 24. Nd2
{[%clk 0:34:07]} Nxd2 {[%clk 0:07:46]} 25. Rxd2 {[%clk 0:33:01]} Rc6
{[%clk 0:05:50]} 26. Rda2 {[%clk 0:30:16]} Kg7 {[%clk 0:04:06]} 27. Ra8
{[%clk 0:25:32]} Qe7 {[%clk 0:04:14]} 28. Qa3 {[%clk 0:21:58]} Rxb6
{[%clk 0:01:06]} 29. Ba5 {[%clk 0:18:20]} Rc6 {[%clk 0:01:34]} 30. Bd8
{[%clk 0:16:42]} Qxd8 {[%clk 0:01:40]} 31. Rxd8 {[%clk 0:17:03]} Bxd8
{[%clk 0:02:03]} 32. Bb5 {[%clk 0:16:19]} Rb6 {[%clk 0:02:02]} 33. Bxd7
{[%clk 0:14:59]} Rxd7 {[%clk 0:02:17]} 34. Qa8 {[%clk 0:15:05]} Kf7
{[%clk 0:00:38]} 35. d5 {[%clk 0:13:07]} Rb4 {[%clk 0:00:33]} 36. dxe6+
{[%clk 0:12:11]} Kxe6 {[%clk 0:01:02]} 37. g3 {[%clk 0:11:38]} d5
{[%clk 0:00:41]} 38. Rd1 {[%clk 0:09:15]} Rc4 {[%clk 0:00:38]} 39. Rb1
{[%clk 0:09:01]} b6 {[%clk 0:00:52]} 40. Qa1 {[%clk 0:38:47]} Kd6
{[%clk 0:30:34]} 41. Qh8 {[%clk 0:37:40]} f4 {[%clk 0:19:22]} 42. exf4
{[%clk 0:34:20]} gxf4 {[%clk 0:19:46]} 43. Qf8+ {[%clk 0:32:25]} Kc6
{[%clk 0:16:36]} 44. Ra1 {[%clk 0:31:05]} fxg3 {[%clk 0:15:10]} 45. hxg3
{[%clk 0:30:54]} Kb7 {[%clk 0:12:42]} 46. Qe8 {[%clk 0:30:25]} Rcc7
{[%clk 0:10:58]} 47. f4 {[%clk 0:28:36]} Rd6 {[%clk 0:10:30]} 48. Qa4
{[%clk 0:27:02]} Kc8 {[%clk 0:09:54]} 49. Qe8 {[%clk 0:22:05]} Rcd7
{[%clk 0:09:22]} 50. f5 {[%clk 0:21:05]} Re7 {[%clk 0:06:06]} 51. Qh8
{[%clk 0:16:40]} Kb7 {[%clk 0:04:18]} 52. Qf8 {[%clk 0:15:24]} Red7
{[%clk 0:03:35]} 53. Qe8 {[%clk 0:15:31]} Re7 {[%clk 0:01:58]} 54. Qa4
{[%clk 0:15:15]} Kc8 {[%clk 0:02:06]} 55. Qb4 {[%clk 0:12:38]} Bc7
{[%clk 0:01:22]} 56. Ra8+ {[%clk 0:12:16]} Kb7 {[%clk 0:01:52]} 57. Rf8
{[%clk 0:12:18]} d4 {[%clk 0:01:01]} 58. Qa3 {[%clk 0:10:35]} Kc6
{[%clk 0:01:07]} 59. f6 {[%clk 0:09:06]} Re3 {[%clk 0:01:35]} 60. Qa4+
{[%clk 0:07:54]} b5 {[%clk 0:01:38]} 61. Qa6+ {[%clk 0:05:30]} Kc5
{[%clk 0:01:52]} 62. Qa7+ {[%clk 0:04:10]} Bb6 {[%clk 0:02:17]} 63. Qb8
{[%clk 0:04:00]} d3 {[%clk 0:00:49]} 64. f7 {[%clk 0:03:47]} d2 {[%clk 0:00:44]}
65. Rc8+ {[%clk 0:03:57]} Kd5 {[%clk 0:01:12]} 66. Qxd6+ {[%clk 0:00:49]} Kxd6
{[%clk 0:01:41]} 67. f8=Q+ {[%clk 0:00:58]} Re7+ {[%clk 0:02:09]} 68. Kh2
{[%clk 0:00:54]} d1=Q {[%clk 0:02:25]} 69. Qf6+ {[%clk 0:00:43]} Re6
{[%clk 0:02:29]} 70. Qd8+ {[%clk 0:00:33]} Bxd8 {[%clk 0:02:54]} 71. Rxd8+
{[%clk 0:01:00]} Kc5 {[%clk 0:02:12]} 72. Rxd1 {[%clk 0:01:20]} b4
{[%clk 0:02:25]} 73. Rc1+ {[%clk 0:01:21]} Kb5 {[%clk 0:02:32]} 74. Kg2
{[%clk 0:00:38]} b3 {[%clk 0:02:53]} 75. Rh1 {[%clk 0:00:52]} h6 {[%clk 0:03:01]}
76. Kf3 {[%clk 0:01:14]} Kb4 {[%clk 0:03:10]} 77. Kf4 {[%clk 0:01:27]} b2
{[%clk 0:03:29]} 0-1

[Event "Team women final 2016"]
[Site "Sochi"]
[Date "2016.05.03"]
[Round "3.14"]
[White "Ovod, Evgenija"]
[Black "Zhukova, Natalia"]
[Result "1/2-1/2"]
[LiveChessVersion "1.4.4"]
[BlackElo "2489"]
[WhiteElo "2329"]
[BlackTeam "University"]
[WhiteTeam "SDUSSHOR"]

1. d4 {[%clk 1:30:57]} Nf6 {[%clk 1:30:53]} 2. Bg5 {[%clk 1:31:22]} Ne4
{[%clk 1:30:47]} 3. Bf4 {[%clk 1:31:45]} c5 {[%clk 1:30:49]} 4. f3
{[%clk 1:31:58]} Qa5+ {[%clk 1:30:50]} 5. c3 {[%clk 1:32:08]} Nf6
{[%clk 1:31:03]} 6. d5 {[%clk 1:32:30]} e6 {[%clk 1:30:57]} 7. e4
{[%clk 1:32:44]} exd5 {[%clk 1:30:53]} 8. exd5 {[%clk 1:33:09]} d6
{[%clk 1:31:01]} 9. Qe2+ {[%clk 1:22:39]} Be7 {[%clk 1:30:39]} 10. Bxd6
{[%clk 1:08:04]} Nxd5 {[%clk 1:30:54]} 11. Nd2 {[%clk 1:08:12]} Nc6
{[%clk 1:20:50]} 12. Nb3 {[%clk 0:59:47]} Qd8 {[%clk 1:20:20]} 13. Bxc5
{[%clk 0:58:31]} O-O {[%clk 1:18:57]} 14. Bxe7 {[%clk 0:58:22]} Ndxe7
{[%clk 1:02:38]} 15. Qd2 {[%clk 0:58:16]} Qc7 {[%clk 1:02:44]} 16. Bd3
{[%clk 0:58:01]} Bf5 {[%clk 0:43:26]} 17. Ne2 {[%clk 0:51:36]} Bxd3
{[%clk 0:33:22]} 18. Qxd3 {[%clk 0:52:00]} Ne5 {[%clk 0:33:43]} 19. Qe4
{[%clk 0:43:43]} f5 {[%clk 0:29:53]} 20. Qe3 {[%clk 0:43:54]} Nd5
{[%clk 0:27:10]} 21. Qd4 {[%clk 0:43:28]} Rad8 {[%clk 0:25:39]} 22. O-O
{[%clk 0:43:44]} Nc4 {[%clk 0:23:59]} 23. Qc5 {[%clk 0:27:56]} Nxb2
{[%clk 0:23:51]} 24. Qxc7 {[%clk 0:20:26]} Nxc7 {[%clk 0:24:18]} 25. Ned4
{[%clk 0:20:53]} Rf7 {[%clk 0:16:44]} 26. Rfe1 {[%clk 0:11:58]} Nd5
{[%clk 0:10:43]} 27. Re2 {[%clk 0:12:19]} Nc4 {[%clk 0:10:39]} 28. Rae1
{[%clk 0:12:12]} h6 {[%clk 0:09:32]} 29. Re8+ {[%clk 0:11:12]} Rxe8
{[%clk 0:09:57]} 30. Rxe8+ {[%clk 0:11:40]} Rf8 {[%clk 0:07:18]} 31. Rxf8+
{[%clk 0:11:06]} Kxf8 {[%clk 0:07:47]} 32. Nxf5 {[%clk 0:11:33]} Nxc3
{[%clk 0:07:55]} 33. Nc1 {[%clk 0:10:29]} b5 {[%clk 0:07:44]} 34. Kf2
{[%clk 0:10:40]} a5 {[%clk 0:06:13]} 35. Ne3 {[%clk 0:11:02]} Nd6
{[%clk 0:04:37]} 36. Ke1 {[%clk 0:10:57]} b4 {[%clk 0:04:48]} 37. Kd2
{[%clk 0:06:58]} Kf7 {[%clk 0:03:36]} 38. Kc2 {[%clk 0:06:37]} Ke6
{[%clk 0:01:52]} 39. a3 {[%clk 0:03:54]} Nd5 {[%clk 0:01:18]} 40. Nxd5
{[%clk 0:34:14]} Kxd5 {[%clk 0:31:46]} 41. axb4 {[%clk 0:34:42]} axb4
{[%clk 0:32:09]} 42. Kb3 {[%clk 0:34:55]} Kd4 {[%clk 0:28:16]} 43. Ne2+
{[%clk 0:23:35]} Ke3 {[%clk 0:28:15]} 44. Ng3 {[%clk 0:24:00]} Kf2
{[%clk 0:22:13]} 45. Ne4+ {[%clk 0:24:25]} Kxg2 {[%clk 0:22:39]} 46. Nxd6
{[%clk 0:24:50]} Kxf3 {[%clk 0:23:03]} 1/2-1/2

[Event "Team women final 2016"]
[Site "Sochi"]
[Date "2016.05.03"]
[Round "3.15"]
[White "Zaiatz, Elena"]
[Black "Belenkaya, Dina"]
[Result "0-1"]
[LiveChessVersion "1.4.4"]
[BlackElo "2289"]
[WhiteElo "2364"]
[BlackTeam "SDUSSHOR"]
[WhiteTeam "University"]

1. d4 {[%clk 1:30:54]} d5 {[%clk 1:30:56]} 2. c4 {[%clk 1:31:19]} dxc4
{[%clk 1:31:14]} 3. Nf3 {[%clk 1:31:39]} Nf6 {[%clk 1:31:30]} 4. e3
{[%clk 1:32:04]} e6 {[%clk 1:31:57]} 5. Bxc4 {[%clk 1:32:29]} a6 {[%clk 1:32:19]}
6. O-O {[%clk 1:32:51]} c5 {[%clk 1:32:46]} 7. dxc5 {[%clk 1:33:08]} Bxc5
{[%clk 1:32:48]} 8. Qxd8+ {[%clk 1:33:21]} Kxd8 {[%clk 1:33:15]} 9. Be2
{[%clk 1:33:41]} Ke7 {[%clk 1:33:18]} 10. Nbd2 {[%clk 1:33:47]} b6
{[%clk 1:10:00]} 11. Ne5 {[%clk 1:25:43]} Bb7 {[%clk 1:04:59]} 12. Nd3
{[%clk 1:07:26]} Bd6 {[%clk 1:03:33]} 13. Nc4 {[%clk 1:07:46]} Bc7
{[%clk 1:02:26]} 14. b3 {[%clk 1:08:06]} Rd8 {[%clk 1:01:18]} 15. Ba3+
{[%clk 1:07:57]} Ke8 {[%clk 1:01:25]} 16. Rfd1 {[%clk 1:07:52]} b5
{[%clk 0:51:14]} 17. Nce5 {[%clk 1:00:45]} Nbd7 {[%clk 0:50:06]} 18. Bb2
{[%clk 0:56:15]} Nxe5 {[%clk 0:47:32]} 19. Nxe5 {[%clk 0:56:40]} Rxd1+
{[%clk 0:42:54]} 20. Rxd1 {[%clk 0:47:19]} Rd8 {[%clk 0:41:08]} 21. Bd4
{[%clk 0:40:19]} Ne4 {[%clk 0:17:54]} 22. Nd3 {[%clk 0:33:52]} f6
{[%clk 0:16:58]} 23. f3 {[%clk 0:27:54]} Nd6 {[%clk 0:15:35]} 24. Nc5
{[%clk 0:21:43]} Bc8 {[%clk 0:13:09]} 25. e4 {[%clk 0:20:22]} Ke7
{[%clk 0:09:40]} 26. Be3 {[%clk 0:17:50]} Bb6 {[%clk 0:09:03]} 27. Kf2
{[%clk 0:17:28]} a5 {[%clk 0:06:05]} 28. a3 {[%clk 0:15:27]} Ba7 {[%clk 0:02:16]}
29. e5 {[%clk 0:08:28]} fxe5 {[%clk 0:02:04]} 30. Bg5+ {[%clk 0:05:11]} Ke8
{[%clk 0:02:33]} 31. Bxb5+ {[%clk 0:05:18]} Bd7 {[%clk 0:01:18]} 32. Bxd7+
{[%clk 0:04:53]} Rxd7 {[%clk 0:01:45]} 33. Rc1 {[%clk 0:05:14]} Nb7
{[%clk 0:01:16]} 34. b4 {[%clk 0:05:31]} axb4 {[%clk 0:01:22]} 35. axb4
{[%clk 0:05:57]} Nxc5 {[%clk 0:00:35]} 36. bxc5 {[%clk 0:06:22]} Rb7
{[%clk 0:00:51]} 37. Ke2 {[%clk 0:03:36]} Rb2+ {[%clk 0:01:02]} 38. Bd2
{[%clk 0:02:29]} Kd7 {[%clk 0:01:21]} 39. c6+ {[%clk 0:01:03]} Kc7
{[%clk 0:01:50]} 40. Kd3 {[%clk 0:31:26]} Ra2 {[%clk 0:31:05]} 41. f4
{[%clk 0:14:29]} e4+ {[%clk 0:25:14]} 42. Kc3 {[%clk 0:11:42]} Bb6
{[%clk 0:15:03]} 43. Be1 {[%clk 0:12:06]} Rxg2 {[%clk 0:14:53]} 44. Bg3
{[%clk 0:12:13]} Kxc6 {[%clk 0:14:26]} 45. Kc4 {[%clk 0:10:02]} e3
{[%clk 0:12:13]} 46. Ra1 {[%clk 0:08:13]} Rd2 {[%clk 0:08:58]} 47. Be1
{[%clk 0:06:50]} Rd4+ {[%clk 0:07:44]} 48. Kc3 {[%clk 0:07:15]} Rxf4
{[%clk 0:07:56]} 49. Kd3 {[%clk 0:07:41]} Rd4+ {[%clk 0:07:18]} 50. Ke2
{[%clk 0:08:06]} Rc4 {[%clk 0:07:39]} 51. Bg3 {[%clk 0:07:55]} Kd5
{[%clk 0:06:38]} 52. Rb1 {[%clk 0:07:49]} Bd4 {[%clk 0:05:52]} 53. Kf3
{[%clk 0:07:20]} e5 {[%clk 0:05:26]} 54. Rb8 {[%clk 0:07:42]} e4+
{[%clk 0:05:40]} 55. Kg4 {[%clk 0:08:07]} Bf6 {[%clk 0:04:14]} 56. Rb7
{[%clk 0:07:07]} e2 {[%clk 0:04:06]} 57. Kf5 {[%clk 0:07:08]} Kd4
{[%clk 0:03:15]} 58. Bf2+ {[%clk 0:06:33]} Kd3 {[%clk 0:03:36]} 59. Rd7+
{[%clk 0:06:55]} Rd4 {[%clk 0:03:19]} 60. Ra7 {[%clk 0:06:47]} Rd5+
{[%clk 0:03:32]} 61. Kf4 {[%clk 0:07:03]} Be5+ {[%clk 0:03:11]} 62. Kg4
{[%clk 0:07:25]} Bc3 {[%clk 0:03:11]} 63. Ra3 {[%clk 0:07:30]} Kd2
{[%clk 0:03:23]} 64. Kf4 {[%clk 0:07:31]} Rd8 {[%clk 0:02:24]} 65. Bg3
{[%clk 0:07:16]} Rf8+ {[%clk 0:02:33]} 66. Kxe4 {[%clk 0:07:32]} Re8+
{[%clk 0:02:57]} 67. Kf5 {[%clk 0:07:47]} e1=Q {[%clk 0:02:54]} 68. Bxe1+
{[%clk 0:08:13]} Rxe1 {[%clk 0:03:17]} 69. h4 {[%clk 0:08:40]} Rf1+
{[%clk 0:03:14]} 70. Kg4 {[%clk 0:09:05]} Rg1+ {[%clk 0:03:09]} 71. Kh3
{[%clk 0:09:24]} Bf6 {[%clk 0:02:50]} 0-1

[Event "Team women final 2016"]
[Site "Sochi"]
[Date "2016.05.03"]
[Round "3.16"]
[White "Balaian, Alina"]
[Black "Baraeva, Marina"]
[Result "1-0"]
[LiveChessVersion "1.4.4"]
[BlackElo "2208"]
[WhiteElo "2230"]
[BlackTeam "University"]
[WhiteTeam "SDUSSHOR"]

1. e4 {[%clk 1:30:56]} e6 {[%clk 1:30:54]} 2. d4 {[%clk 1:31:20]} d5
{[%clk 1:31:19]} 3. exd5 {[%clk 1:31:45]} exd5 {[%clk 1:31:41]} 4. Nf3
{[%clk 1:32:08]} Bd6 {[%clk 1:31:22]} 5. c4 {[%clk 1:32:09]} c6 {[%clk 1:29:00]}
6. Nc3 {[%clk 1:28:46]} Ne7 {[%clk 1:26:14]} 7. Bd3 {[%clk 1:25:02]} dxc4
{[%clk 1:22:41]} 8. Bxc4 {[%clk 1:25:22]} O-O {[%clk 1:22:08]} 9. O-O
{[%clk 1:24:39]} Bg4 {[%clk 1:17:32]} 10. Ne4 {[%clk 1:20:19]} Bc7
{[%clk 1:12:59]} 11. Bg5 {[%clk 1:16:54]} Kh8 {[%clk 1:01:25]} 12. Nf6
{[%clk 1:03:34]} Bxf3 {[%clk 0:49:25]} 13. Qxf3 {[%clk 1:03:30]} Qd6
{[%clk 0:45:26]} 14. g3 {[%clk 0:53:53]} Ng6 {[%clk 0:42:11]} 15. Nh5
{[%clk 0:40:00]} Qxd4 {[%clk 0:35:25]} 16. Bb3 {[%clk 0:26:01]} Ne5
{[%clk 0:29:33]} 17. Qf5 {[%clk 0:23:25]} Qg4 {[%clk 0:27:10]} 18. Qxg4
{[%clk 0:22:21]} Nxg4 {[%clk 0:27:34]} 19. Rad1 {[%clk 0:18:53]} Na6
{[%clk 0:19:10]} 20. h3 {[%clk 0:13:18]} f6 {[%clk 0:11:14]} 21. Bc1
{[%clk 0:10:39]} Ne5 {[%clk 0:10:14]} 22. f4 {[%clk 0:10:52]} Ng6
{[%clk 0:03:16]} 23. Rd7 {[%clk 0:11:10]} Bb6+ {[%clk 0:01:46]} 24. Kg2
{[%clk 0:11:39]} Nc5 {[%clk 0:02:00]} 25. Rxg7 {[%clk 0:12:03]} Nxb3
{[%clk 0:01:21]} 26. axb3 {[%clk 0:12:32]} Rad8 {[%clk 0:00:59]} 27. f5
{[%clk 0:11:30]} Ne5 {[%clk 0:01:22]} 28. Bh6 {[%clk 0:11:47]} Rf7
{[%clk 0:01:00]} 29. Rxf7 {[%clk 0:10:36]} Nxf7 {[%clk 0:01:29]} 30. Bg7+
{[%clk 0:10:02]} Kg8 {[%clk 0:01:57]} 31. Bxf6 {[%clk 0:09:56]} Rd2+
{[%clk 0:02:23]} 32. Kh1 {[%clk 0:10:04]} Nd6 {[%clk 0:02:16]} 33. Bc3
{[%clk 0:09:24]} Re2 {[%clk 0:02:12]} 34. g4 {[%clk 0:05:38]} Ne4
{[%clk 0:01:23]} 35. Nf6+ {[%clk 0:06:07]} Nxf6 {[%clk 0:01:47]} 36. Bxf6
{[%clk 0:06:35]} Re3 {[%clk 0:01:17]} 37. Kg2 {[%clk 0:07:04]} Kf7
{[%clk 0:00:37]} 38. Bc3 {[%clk 0:06:30]} Re2+ {[%clk 0:00:44]} 39. Kg3
{[%clk 0:05:47]} Re3+ {[%clk 0:00:47]} 40. Rf3 {[%clk 0:33:50]} Bc7+
{[%clk 0:31:16]} 41. Kf2 {[%clk 0:34:04]} Re4 {[%clk 0:24:19]} 42. Rd3
{[%clk 0:33:27]} Ke7 {[%clk 0:24:07]} 43. Bd2 {[%clk 0:28:26]} Ke8
{[%clk 0:13:00]} 44. Kf3 {[%clk 0:28:11]} Re7 {[%clk 0:13:21]} 45. h4
{[%clk 0:23:15]} a5 {[%clk 0:11:52]} 46. g5 {[%clk 0:23:01]} b5 {[%clk 0:10:57]}
47. h5 {[%clk 0:21:10]} a4 {[%clk 0:06:13]} 48. bxa4 {[%clk 0:21:07]} bxa4
{[%clk 0:06:41]} 49. g6 {[%clk 0:19:08]} hxg6 {[%clk 0:05:56]} 50. hxg6
{[%clk 0:19:08]} Be5 {[%clk 0:05:32]} 51. Ba5 {[%clk 0:16:56]} Ra7
{[%clk 0:05:07]} 52. Bb6 {[%clk 0:11:54]} Rb7 {[%clk 0:05:10]} 53. Re3
{[%clk 0:11:39]} Rxb6 {[%clk 0:04:58]} 54. Rxe5+ {[%clk 0:12:01]} Kf8
{[%clk 0:05:21]} 55. f6 {[%clk 0:12:15]} c5 {[%clk 0:02:09]} 56. g7+
{[%clk 0:08:51]} Kf7 {[%clk 0:02:33]} 57. Re7+ {[%clk 0:09:11]} Kxf6
{[%clk 0:02:58]} 58. g8=Q {[%clk 0:09:27]} Kxe7 {[%clk 0:03:23]} 59. Qd5
{[%clk 0:08:30]} Rf6+ {[%clk 0:00:38]} 60. Ke4 {[%clk 0:08:39]} Rg6
{[%clk 0:00:34]} 61. Qxc5+ {[%clk 0:08:59]} Kf7 {[%clk 0:00:54]} 62. Qd5+
{[%clk 0:08:02]} Kf6 {[%clk 0:01:04]} 63. Qe5+ {[%clk 0:08:00]} Kf7
{[%clk 0:01:29]} 64. Kf5 {[%clk 0:08:09]} Rg7 {[%clk 0:01:47]} 65. Qe6+
{[%clk 0:08:09]} Kf8 {[%clk 0:02:11]} 1-0

[Event "Team women final 2016"]
[Site "Sochi"]
[Date "2016.05.04"]
[Round "4.1"]
[White "Maslova, Polina"]
[Black "Goryachkina, Aleksandra"]
[Result "0-1"]
[LiveChessVersion "1.4.4"]
[BlackElo "2485"]
[WhiteElo "2095"]
[BlackTeam "University"]
[WhiteTeam "Bukavushki"]

1. e4 {[%clk 1:30:58]} c6 {[%clk 1:30:52]} 2. d4 {[%clk 1:30:54]} d5
{[%clk 1:31:15]} 3. exd5 {[%clk 1:31:18]} cxd5 {[%clk 1:31:35]} 4. Bd3
{[%clk 1:31:33]} Nc6 {[%clk 1:31:24]} 5. c3 {[%clk 1:31:53]} Nf6 {[%clk 1:30:42]}
6. Bf4 {[%clk 1:31:35]} Bg4 {[%clk 1:28:05]} 7. Qb3 {[%clk 1:31:55]} Qb6
{[%clk 1:23:55]} 8. Nd2 {[%clk 1:29:38]} e6 {[%clk 1:23:09]} 9. h3
{[%clk 1:17:19]} Bh5 {[%clk 1:23:21]} 10. Ngf3 {[%clk 1:17:28]} Bg6
{[%clk 1:20:53]} 11. Bxg6 {[%clk 1:13:21]} hxg6 {[%clk 1:21:15]} 12. Qxb6
{[%clk 1:13:33]} axb6 {[%clk 1:21:40]} 13. a3 {[%clk 1:13:56]} Be7
{[%clk 1:18:58]} 14. O-O {[%clk 1:06:59]} O-O {[%clk 1:18:14]} 15. Ne5
{[%clk 1:02:00]} Rfc8 {[%clk 1:18:22]} 16. Nd3 {[%clk 1:01:20]} Na5
{[%clk 1:16:46]} 17. Rae1 {[%clk 0:46:11]} Ne8 {[%clk 1:12:03]} 18. g4
{[%clk 0:42:54]} b5 {[%clk 1:03:50]} 19. Kg2 {[%clk 0:39:51]} Nc4
{[%clk 1:02:49]} 20. Nxc4 {[%clk 0:33:07]} bxc4 {[%clk 1:02:46]} 21. Ne5
{[%clk 0:33:01]} g5 {[%clk 0:58:57]} 22. Bc1 {[%clk 0:32:48]} Nd6
{[%clk 0:55:27]} 23. Nf3 {[%clk 0:28:09]} Ne4 {[%clk 0:55:14]} 24. Nd2
{[%clk 0:28:33]} Nxd2 {[%clk 0:54:22]} 25. Bxd2 {[%clk 0:28:58]} Ra6
{[%clk 0:54:34]} 26. Re2 {[%clk 0:25:52]} Rb6 {[%clk 0:53:26]} 27. Bc1
{[%clk 0:23:48]} Kh7 {[%clk 0:42:50]} 28. f4 {[%clk 0:18:26]} gxf4
{[%clk 0:41:03]} 29. Bxf4 {[%clk 0:18:48]} g5 {[%clk 0:39:43]} 30. Be5
{[%clk 0:14:26]} Rf8 {[%clk 0:39:36]} 31. Bf6 {[%clk 0:12:33]} Bxf6
{[%clk 0:38:36]} 32. Rxf6 {[%clk 0:13:01]} Kg7 {[%clk 0:38:55]} 33. Ref2
{[%clk 0:12:38]} Rxb2 {[%clk 0:34:13]} 34. Rxf7+ {[%clk 0:12:20]} Rxf7
{[%clk 0:34:37]} 35. Rxb2 {[%clk 0:12:46]} b5 {[%clk 0:34:53]} 36. Ra2
{[%clk 0:03:06]} Ra7 {[%clk 0:29:51]} 37. Kf3 {[%clk 0:03:31]} Kg6
{[%clk 0:27:18]} 38. Ke3 {[%clk 0:03:43]} Rh7 {[%clk 0:26:51]} 39. Rh2
{[%clk 0:04:03]} Kf6 {[%clk 0:24:22]} 40. Rh1 {[%clk 0:32:26]} e5
{[%clk 0:52:15]} 41. Rf1+ {[%clk 0:28:20]} Ke6 {[%clk 0:51:51]} 42. dxe5
{[%clk 0:28:45]} Rxh3+ {[%clk 0:51:13]} 43. Kd2 {[%clk 0:28:54]} Kxe5
{[%clk 0:49:15]} 44. Rf5+ {[%clk 0:28:44]} Ke4 {[%clk 0:49:37]} 45. Rxg5
{[%clk 0:29:04]} Rh2+ {[%clk 0:49:24]} 46. Kc1 {[%clk 0:28:15]} Ra2
{[%clk 0:46:03]} 47. Rg8 {[%clk 0:27:58]} 0-1

[Event "Team women final 2016"]
[Site "Sochi"]
[Date "2016.05.04"]
[Round "4.2"]
[White "Zhukova, Natalia"]
[Black "Trapeznikova, Darya"]
[Result "1-0"]
[LiveChessVersion "1.4.4"]
[BlackElo "2085"]
[WhiteElo "2489"]
[BlackTeam "Bukavushki"]
[WhiteTeam "University"]

1. c4 {[%clk 1:30:56]} e6 {[%clk 1:30:50]} 2. d4 {[%clk 1:31:01]} d5
{[%clk 1:31:13]} 3. Nf3 {[%clk 1:31:14]} c6 {[%clk 1:31:33]} 4. g3
{[%clk 1:31:08]} dxc4 {[%clk 1:31:49]} 5. Bg2 {[%clk 1:31:09]} b5
{[%clk 1:32:11]} 6. O-O {[%clk 1:29:58]} Bb7 {[%clk 1:32:29]} 7. Nc3
{[%clk 1:19:39]} Nf6 {[%clk 1:30:40]} 8. a4 {[%clk 1:08:11]} a6 {[%clk 1:29:03]}
9. Ne5 {[%clk 1:08:17]} Qc8 {[%clk 1:28:05]} 10. e4 {[%clk 1:06:34]} Be7
{[%clk 1:20:26]} 11. f4 {[%clk 0:57:10]} O-O {[%clk 1:19:45]} 12. f5
{[%clk 0:57:33]} exf5 {[%clk 1:06:33]} 13. Rxf5 {[%clk 0:56:31]} b4
{[%clk 1:06:33]} 14. Ne2 {[%clk 0:55:57]} c5 {[%clk 1:03:17]} 15. d5
{[%clk 0:55:12]} Nxd5 {[%clk 0:37:56]} 16. Nxc4 {[%clk 0:46:06]} Ra7
{[%clk 0:36:32]} 17. Rxd5 {[%clk 0:45:26]} Bxd5 {[%clk 0:36:55]} 18. exd5
{[%clk 0:45:11]} Bf6 {[%clk 0:34:21]} 19. Bf4 {[%clk 0:43:20]} a5
{[%clk 0:30:06]} 20. Qc2 {[%clk 0:40:26]} Rd8 {[%clk 0:28:46]} 21. Rf1
{[%clk 0:38:53]} Nd7 {[%clk 0:26:26]} 22. Be4 {[%clk 0:26:59]} g6
{[%clk 0:24:46]} 23. Nd6 {[%clk 0:14:53]} Qa6 {[%clk 0:23:26]} 24. Nb5
{[%clk 0:15:16]} Rb7 {[%clk 0:23:05]} 25. d6 {[%clk 0:15:04]} Rbb8
{[%clk 0:22:39]} 26. Bd5 {[%clk 0:10:15]} Rf8 {[%clk 0:18:14]} 27. Nc7
{[%clk 0:07:24]} Qb6 {[%clk 0:17:50]} 28. Bc4 {[%clk 0:07:25]} Bg7
{[%clk 0:16:55]} 29. Nd5 {[%clk 0:07:12]} Qb7 {[%clk 0:17:05]} 30. Bg5
{[%clk 0:06:27]} Ne5 {[%clk 0:14:49]} 31. b3 {[%clk 0:04:40]} Qd7
{[%clk 0:11:22]} 32. Be7 {[%clk 0:02:00]} Rfe8 {[%clk 0:10:54]} 33. Bb5
{[%clk 0:02:02]} Nc6 {[%clk 0:10:53]} 34. Qxc5 {[%clk 0:01:57]} Rec8
{[%clk 0:11:06]} 35. Nb6 {[%clk 0:00:41]} Qa7 {[%clk 0:11:05]} 36. d7
{[%clk 0:00:41]} Rc7 {[%clk 0:09:52]} 37. Bxc6 {[%clk 0:00:36]} 1-0

[Event "Team women final 2016"]
[Site "Sochi"]
[Date "2016.05.04"]
[Round "4.3"]
[White "Sazonova, Anastasia"]
[Black "Stetsko, Lanita"]
[Result "1-0"]
[LiveChessVersion "1.4.4"]
[BlackElo "2220"]
[WhiteElo "2085"]
[BlackTeam "University"]
[WhiteTeam "Bukavushki"]

1. d4 {[%clk 1:30:51]} Nf6 {[%clk 1:30:42]} 2. c4 {[%clk 1:31:11]} e6
{[%clk 1:31:05]} 3. Nf3 {[%clk 1:31:32]} d5 {[%clk 1:31:14]} 4. Nc3
{[%clk 1:31:44]} Bb4 {[%clk 1:31:11]} 5. Qb3 {[%clk 1:31:39]} c5 {[%clk 1:30:52]}
6. dxc5 {[%clk 1:31:40]} Nc6 {[%clk 1:31:02]} 7. Bg5 {[%clk 1:31:36]} dxc4
{[%clk 1:30:35]} 8. Qxc4 {[%clk 1:31:23]} Qa5 {[%clk 1:30:41]} 9. Bxf6
{[%clk 1:30:00]} gxf6 {[%clk 1:31:00]} 10. Rc1 {[%clk 1:29:39]} Qxc5
{[%clk 1:30:50]} 11. Qh4 {[%clk 1:29:16]} Ke7 {[%clk 1:30:33]} 12. g3
{[%clk 1:28:02]} Bxc3+ {[%clk 1:26:15]} 13. bxc3 {[%clk 1:26:36]} b6
{[%clk 1:25:07]} 14. Bg2 {[%clk 1:24:00]} Bb7 {[%clk 1:24:47]} 15. Nd4
{[%clk 1:00:28]} Rad8 {[%clk 1:08:44]} 16. O-O {[%clk 0:49:24]} h5
{[%clk 1:04:39]} 17. Nb3 {[%clk 0:40:17]} Qa3 {[%clk 0:42:14]} 18. Rfd1
{[%clk 0:33:12]} Rd6 {[%clk 0:21:08]} 19. Nd4 {[%clk 0:16:14]} Rhd8
{[%clk 0:11:00]} 20. Qxh5 {[%clk 0:11:18]} Nxd4 {[%clk 0:07:02]} 21. cxd4
{[%clk 0:11:20]} Bxg2 {[%clk 0:06:44]} 22. Kxg2 {[%clk 0:11:19]} R8d7
{[%clk 0:02:47]} 23. h4 {[%clk 0:04:28]} Qxa2 {[%clk 0:02:06]} 24. Qg4
{[%clk 0:04:34]} Rd8 {[%clk 0:00:38]} 25. e3 {[%clk 0:02:52]} a5 {[%clk 0:00:55]}
26. h5 {[%clk 0:00:53]} Qd5+ {[%clk 0:01:04]} 27. e4 {[%clk 0:00:52]} Qg5
{[%clk 0:01:26]} 28. Qf3 {[%clk 0:00:35]} b5 {[%clk 0:00:37]} 29. Rc5
{[%clk 0:00:34]} e5 {[%clk 0:00:41]} 30. d5 {[%clk 0:00:41]} Rb8 {[%clk 0:00:34]}
31. Rb1 {[%clk 0:00:49]} b4 {[%clk 0:00:40]} 32. Rxa5 {[%clk 0:01:06]} Qd2
{[%clk 0:00:43]} 33. Ra7+ {[%clk 0:01:14]} Kf8 {[%clk 0:00:58]} 34. Rb3
{[%clk 0:00:54]} Rc8 {[%clk 0:00:44]} 35. Qf5 {[%clk 0:00:54]} Rcd8
{[%clk 0:00:37]} 36. Qh7 {[%clk 0:00:58]} R6d7 {[%clk 0:00:51]} 37. Ra4
{[%clk 0:00:39]} Rb7 {[%clk 0:00:47]} 38. h6 {[%clk 0:00:40]} Ke7
{[%clk 0:00:44]} 39. Ra6 {[%clk 0:00:35]} Qg5 {[%clk 0:00:36]} 40. Rf3
{[%clk 0:30:37]} b3 {[%clk 0:30:33]} 41. Re6+ {[%clk 0:21:35]} Kf8
{[%clk 0:25:41]} 42. Qh8+ {[%clk 0:19:40]} Qg8 {[%clk 0:26:03]} 43. Qxf6
{[%clk 0:19:53]} Rdb8 {[%clk 0:18:33]} 44. Rxe5 {[%clk 0:18:54]} Qh7
{[%clk 0:17:22]} 45. Qd6+ {[%clk 0:18:55]} 1-0